Friendz - Wszystkie Piosenki - Statystyki

Ogólne statystyki
  • Ten quiz został rozwiązany 437 razy
  • Średni wynik to 7 z 10
Statystyki odpowiedzi
Płyta Piosenka % Poprawnych
FRIEND7 Do Jutra
95%
G.O.A.T
90%
Jak ta LALA
81%
Wszystkie Oczy na Mnie
77%
Marzenia
73%
Czerwone 7
69%
FRIEND7
67%
FRNDS
56%
Zrobiłem To
56%
Jakby jutra miało nie być
50%
Nie znaleziono quizów pasujących do podanych kryteriów
Rozkład punktacji
Procent ludzi z każdym wynikiem
Percentyl według liczby udzielonych odpowiedzi
Twoja historia wyników
Nie rozwiązałeś tego quizu